1948 1295 1488 1006 1546 1398 1209 1301 1742 1754 1954 1538 1973 1530 1634 1606 1931 1340 1519 1721 1215 1067 1239 1118 1395 1938 1376 1256 1773 1094 1813 1987 1602 1162 1672 1185 1002 1311 1622 1224 1303 1365 1638 1027 1409 1816 1824 1966 1127 1545 1011 1687 1984 1257 1428 1621 1642 1410 1609 1689 1560 1240 1306 1809 1334 1233 1083 1360 1918 1672 1097 1076 1280 1018 1924 1907 1212 1868 1352 1953 1028 1031 1106 1179 1008 1370 1144 1845 1932 1313 1572 1339 1367 1303 1882 1406 1443 1023 1830 BCNSPRNW ULIB Ver.6.0+V

เปลี่ยนเป็นภาษาไทย

Change to English
 แสดงรายละเอียดบรรณานุกรม
  กลับหน้าหลัก

Brief Record : Get Marc (ISO 2709) : E-mail record : QR code < ปิดหน้าต่าง
LEADER : 00000nam 2200000uu 4500
001    13399115060
003     ULIB
008    120706s2550||||th 000 0 tha d
020    ^a9789744723642
090    ^aนว.^bร930ฮ ล.3 2550
100 0  ^aโรว์ลิ่ง, เจ.เค.
245 00 ^aแฮร์รี่ พอตเตอร์ กับนักโทษแห่งอัซคามัน เล่ม 3/^cโรว์ลิ่ง, เจ.เค.
250    ^aพิมพ์ครั้งที่ 22
260    ^aกรุงเทพฯ :^bนานมีบุ๊คส์,^c2550
300    ^a520หน้า
710 1  ^aนานมีบุ๊คส์
945    ^p0^l0^i14051
995    ^aกัณชพร
999    ^aใช้งานได้ทุกระบบ
รายการนี้ยังไม่มีแท็ก
คุณยังไม่ได้ล็อกอิน คุณสามารถมีกิจกรรมร่วมกับเว็บไซต์ได้ แต่ต้องล็อกอินก่อน ::
  ล็อกอิน

รายการสื่อสารสนเทศ

ลำดับที่ ประเภท เลขเรียก/บาร์โค้ด สถานที่ สถานะ
- ไม่พบข้อมูล -

รายการใกล้เคียง
    ผู้แต่ง [โรว์ลิ่ง, เจ.เค.]

BibComment


ยังไม่เคยถูกคอมเมนท์

คอมเมนท์ทรัพยากรรายการนี้
  คอมเมนท์: แฮร์รี่ พอตเตอร์..


 Copyright 2026. Bcnsprnw @Library